<The> Graduate Institute of international studies academic year 1982-1983

Uložené v:
Podrobná bibliografia
Médium: Kniha
Jazyk:English
Vydavateľské údaje: Geneva Institute of International Studies 1982
Tagy: Pridať tag
Žiadne tagy, Buďte prvý, kto otaguje tento záznam!

MARC

LEADER 00000nam a2200000 4500
001 c138818
005 20260130113805.5
041 0 |a eng 
044 |a CH 
245 1 0 |a <The> Graduate Institute of international studies  |b academic year 1982-1983 
264 1 |a Geneva  |b Institute of International Studies  |c 1982 
300 |a 56 s.